Statistics for Santa's Reindeer Quiz

Click here to take the quiz!

General Stats

  • This quiz has been taken 125,861 times
  • The average score is 8 of 9

Answer Stats

Reindeer % Correct
Rudolph
96%
Dancer
89%
Prancer
89%
Blitzen
87%
Donner
84%
Dasher
82%
Cupid
81%
Comet
80%
Vixen
79%

Score Distribution

Percentile by Number Answered

Percent of People with Each Score

Your Score History

You have not taken this quiz